000 00566pab a2200205 454500
008 180718b2007 xxu||||| |||| 00| 0 eng d
100 _aRani, Sandhya
245 _aMaternal health care seeking among tribal adolescent girls in Jharkhand
260 _c2007
300 _ap.56-61.
362 _a1 Dec
650 _aTribes - India - Jharkhand
650 _aHealth services - India - Jharkhand
650 _aHealth services
700 _aSharan, Mona
700 _aGhosh, Saswata
773 _aEconomic and Political Weekly
908 _aN
909 _a76663
999 _c76663
_d76663